📖 150 premiers mots "Les quatre accords toltèques" (Le 4ème accord) - Statistiques

Statistiques générales
  • Ce quiz a Ă©tĂ© pris 11 fois
  • Le rĂ©sultat moyen est 90 sur 150
Statistiques - réponses
Mots % Correct
Ă 
100%
d'
100%
est
100%
qu'
100%
c'
90%
de
90%
des
90%
en
90%
et
90%
et ...
90%
l'
90%
Le
90%
le
90%
les
90%
Les
90%
mais
90%
Mais
90%
par
90%
que
90%
qui
90%
toujours
90%
un
90%
une
90%
autre.
80%
Il
80%
ne
80%
ni
80%
nous.
80%
Tout
80%
tout
80%
vous
80%
accord,
70%
accord
70%
jamais
70%
moins.
70%
moins
70%
oĂą
70%
ou
70%
plus
70%
plus,
70%
quatrième
70%
votre
70%
Votre
70%
autres
60%
bon
60%
celui
60%
fois
60%
mĂŞme
60%
seul
60%
trois
60%
bonne
50%
ĂŞtes
50%
- Faites
50%
'faites
50%
faites
50%
reste
50%
sera
50%
haut
40%
mieux. -
40%
mieux.'
40%
mieux,
40%
mieux
40%
niveau
40%
niveau.
40%
premiers :
40%
change
30%
fin
30%
forme
30%
lorsque
30%
meilleur
30%
parfois
30%
pleine
30%
Quelles
30%
santé
30%
selon
30%
soient
30%
aussi
20%
circonstances,
20%
différent
20%
énergie,
20%
fatigué
20%
rappelez-
20%
vivant,
20%
malade,
10%
matins
10%
soirée.
10%
variera
10%
ancrées
0%
application
0%
concerne
0%
conséquent
0%
constamment,
0%
débordant
0%
frais
0%
habitudes
0%
ivre.
0%
progressivement
0%
réveillez
0%
sobre
0%
solidement
0%
transforme
0%
Aucun quiz correspondant
Distribution des résultats
% des personnes avec chaque résultat
Percentile par nombre de réponses
Votre historique - résultats
Vous n’avez pas pris ce quiz